Challenges of Agriculture in the 21st Century (Record no. 601645)

MARC details
000 -LEADER
fixed length control field 00451nam a2200145Ia 4500
008 - FIXED-LENGTH DATA ELEMENTS--GENERAL INFORMATION
fixed length control field 100415s9999 xx 000 0 und d
082 ## - DEWEY DECIMAL CLASSIFICATION NUMBER
Item number 18748
Classification number 630
100 ## - MAIN ENTRY--PERSONAL NAME
Personal name PILLAI G.M.
245 ## - TITLE STATEMENT
Title Challenges of Agriculture in the 21st Century
260 ## - PUBLICATION, DISTRIBUTION, ETC. (IMPRINT)
Place of publication, distribution, etc PUNE
Date of publication, distribution, etc 1999
Name of publisher, distributor, etc MAHARASHTRA COUNCIL OF AGRICUL
365 ## - TRADE PRICE
Price amount 400
630 ## - SUBJECT ADDED ENTRY--UNIFORM TITLE
Uniform title Challenges of Agriculture in the 21st Century
730 ## - ADDED ENTRY--UNIFORM TITLE
Uniform title Challenges of Agriculture in the 21st Century
942 ## - ADDED ENTRY ELEMENTS (KOHA)
Koha item type Book
Holdings
Withdrawn status Lost status Damaged status Not for loan Home library Current library Date acquired Cost, normal purchase price Total Checkouts Full call number Barcode Date last seen Price effective from Koha item type
        Bombay Natural History Society Bombay Natural History Society 05/24/2000 400.00   630 18748 BNHS-18748 04/15/2010 04/15/2010 Book